000 00449nam a2200157 i 4500
001 128872
003 ES-MaACL
005 20230906193359.0
007 t|
008 070529s1972 xxa ||||1| eng d
100 1 _aTaylor, D. E.
_9109436
245 1 0 _aElectronic Engineering Mathematics /
_cD.E. Taylor.
260 _aSidney :
_bJohn Wiley and Sons,
_c[1972]
300 _aVIII, 228 p. :
_bil. ;
_c25 cm.
852 _aES-MaACL
_jC-56320
_bR.88998
999 _c128872
_d128872